Click the Fictional Chosen Ones - Sudden Death - Statistics

General Stats
  • This quiz has been taken 1,014 times
  • The average score is 3 of 19
Answers on the Grid
Answers color-coded by a green-red scale on the quiz's grid according to % correct below.
Jesus
Neo
Anakin Skywalker
Emmett Brickowski
Harry Potter
Buffy Summers
Luke Skywalker
Aang (from Last Airbender)
Link (from Legend of Zelda)
Paul Atreides
Aragorn
Jon Snow
Percy Jackson
Daenerys Targaryen
Frodo Baggins
John Connor
Katniss Everdeen
Po (from Kung Fu Panda)
Arthur Pendragon
Optimus Prime
He-Man
Hal Jordan (Green Lantern)
Superman
Batman
Wonder Woman
Aquaman
The Flash
Rey (from Star Wars)
Spider-Man
Shrek
Iron Man
Captain America
Thor
Loki
Dominic Toretto
Hermione Granger
Hades
Ares
 
Answer Stats
Answer % Correct
Harry Potter
42%
Anakin Skywalker
29%
Luke Skywalker
29%
Percy Jackson
26%
Neo
23%
Po (from Kung Fu Panda)
20%
Frodo Baggins
19%
Aang (from Last Airbender)
18%
Paul Atreides
15%
Jon Snow
14%
Daenerys Targaryen
13%
Arthur Pendragon
11%
Link (from Legend of Zelda)
11%
Aragorn
10%
Buffy Summers
10%
John Connor
10%
He-Man
6%
Hal Jordan (Green Lantern)
5%
Emmett Brickowski
4%
No matching quizzes found
Score Distribution
Percent of People with Each Score
Percentile by Number Answered
Your Score History
You have not taken this quiz